000 00436nam a2200169Ia 4500
008 240729s9999 xx 000 0 und d
022 _a2769-4127
245 0 _aAutophagy Reports
260 _aUnited Kingdom
260 _bTaylor & Francis Group
650 _a Biology (General)
650 _a Cytology
650 _aScience
856 _uhttps://doaj.org/toc/a8bdc8c2854f44d4b4371a6eec7a72e0
942 _2ddc
942 _cDOAJEJ
999 _c73165
_d73165
945 _a1
_bMadushi Gamage
_c1
_dMadushi Gamage